[Event "AUTO-INT-3645"]
[Site "http://www.queenalice.com/game.php?id=1644813"]
[Date "2021.2.25"]
[Round "1"]
[White "carpielo"]
[Black "BobFicha"]
[Result "0-1"]
[WhiteElo "1485"]
[BlackElo "1823"]

1. e4 e5 2. Nf3 Nc6 3. Bb5 Qf6 4. Bxc6 dxc6 5. O-O Bg4 6. h3 Bxf3 7. Qxf3 Qxf3
8. gxf3 O-O-O 9. a4 Nf6 10. d3 h6 11. f4 Bd6 12. c3 exf4 13. Re1 Nh5 14. e5 Be7
15. d4 g5 16. b4 Rhg8 17. a5 g4 18. h4 Bxh4 19. Re4 Bg5 20. Na3 g3 21. Kg2 Rde8
22. fxg3 Nxg3 23. Bxf4 Nxe4 0-1

[Event "AUTO-INT-3645"]
[Site "http://www.queenalice.com/game.php?id=1644818"]
[Date "2021.2.25"]
[Round "1"]
[White "Dinda54"]
[Black "carpielo"]
[Result "0-1"]
[WhiteElo "1710"]
[BlackElo "1534"]

1. e4 e5 2. Nf3 Bd6 3. Bc4 Bc5 4. Nxe5 Qf6 5. Nf3 Nh6 6. d4 Bb6 7. Ne5 d6 8. Nd3
Qxd4 9. Na3 Be6 10. Be3 Qxe4 11. b3 Qxg2 12. Nf4 Qxh1+ 13. Ke2 Bg4+ 14. Kd2 Bxd1
15. Rxd1 Qxh2 16. Bxb6 axb6 17. Re1+ Kd7 18. Nd3 Ng4 19. Nb1 Nxf2 20. Re2 Qh6+
21. Kc3 Nxd3 22. Bxd3 Qf6+ 23. Kd2 Nc6 24. a4 Nb4 25. Nc3 Nxd3 26. cxd3 Rhe8 0-1

[Event "AUTO-INT-3645"]
[Site "http://www.queenalice.com/game.php?id=1644819"]
[Date "2021.2.25"]
[Round "1"]
[White "carpielo"]
[Black "Dinda54"]
[Result "1-0"]
[WhiteElo "1509"]
[BlackElo "1735"]

1. e4 e5 2. Bc4 Nh6 3. Nf3 d6 4. O-O Be7 5. d4 exd4 6. Qxd4 c5 7. Qd5 Nc6 8.
Bxh6 Be6 9. Qd3 Nb4 10. Qb3 Bxc4 11. Qxc4 gxh6 12. Qb5+ Nc6 13. Qxb7 Rc8 14. Nc3
Rc7 15. Qb5 Qc8 16. Nd5 Rd7 17. Rae1 f6 18. Nxe7 Nxe7 19. Rd1 Nc6 20. c3 a6 21.
Qb3 Qc7 22. Nh4 Rg7 23. Qe6+ Qe7 24. Qc8+ Nd8 25. Qxa6 Qxe4 26. Rde1 1-0

[Event "AUTO-INT-3655"]
[Site "http://www.queenalice.com/game.php?id=1648411"]
[Date "2021.4.1"]
[Round "1"]
[White "carpielo"]
[Black "carlitomontana93270"]
[Result "0-1"]
[WhiteElo "1537"]
[BlackElo "1847"]

1. e4 c5 2. Bc4 e6 3. Nf3 d6 4. d4 cxd4 5. Nxd4 Nc6 6. Nxc6 bxc6 7. Nc3 Nf6 8.
Bg5 Be7 9. Bxf6 Bxf6 10. O-O O-O 11. a4 Bb7 12. Ra3 d5 13. exd5 cxd5 14. Be2
Bxc3 15. Rxc3 Rc8 16. Rxc8 Qxc8 17. Bb5 Bc6 18. c3 Bxb5 0-1

[Event "AUTO-INT-3655"]
[Site "http://www.queenalice.com/game.php?id=1648412"]
[Date "2021.4.1"]
[Round "1"]
[White "carlitomontana93270"]
[Black "carpielo"]
[Result "1-0"]
[WhiteElo "1859"]
[BlackElo "1550"]

1. c4 e5 2. d3 d5 3. Nd2 c6 4. cxd5 Qxd5 5. Ngf3 h6 6. e4 Qc5 7. Be2 Nf6 8. O-O
Bd6 9. Nc4 O-O 10. Be3 Qb4 11. b3 Qb5 12. Nxd6 Qb4 13. Nxc8 Rxc8 14. Nxe5 a5 15.
Bd2 Qd4 16. Nf3 Na6 17. Be3 Qc3 18. Rc1 Qb2 19. Qc2 Qxc2 20. Rxc2 b5 21. Rfc1
Nb4 22. Rd2 1-0

[Event "AUTO-INT-3655"]
[Site "http://www.queenalice.com/game.php?id=1648413"]
[Date "2021.4.1"]
[Round "1"]
[White "carpielo"]
[Black "Prosperidade"]
[Result "0-1"]
[WhiteElo "1503"]
[BlackElo "1798"]

1. e4 e5 2. Bc4 d6 3. d3 h6 4. Qf3 Nf6 5. Be3 a6 6. Ne2 Be7 7. O-O a5 8. Ng3 c6
9. Nc3 b5 10. Bxf7+ Kxf7 11. a4 b4 12. Nce2 Bg4 13. Bb6 Qxb6 14. Qe3 Qxe3 15.
fxe3 Rf8 0-1

[Event "AUTO-INT-3655"]
[Site "http://www.queenalice.com/game.php?id=1648414"]
[Date "2021.4.1"]
[Round "1"]
[White "Prosperidade"]
[Black "carpielo"]
[Result "1-0"]
[WhiteElo "1662"]
[BlackElo "1508"]

1. d4 d5 2. c4 e6 3. a3 dxc4 4. Nc3 Bd6 5. e4 Nf6 6. Bxc4 Be7 7. Nf3 O-O 8. O-O
c5 9. d5 exd5 10. exd5 Na6 11. Re1 Bg4 12. h3 Bxf3 13. Qxf3 Nc7 14. Bf4 Bd6 15.
Bxd6 Qxd6 16. Rad1 a6 17. Ne4 Nxe4 18. Rxe4 b5 19. Ba2 c4 20. b3 Qxa3 21. Re2
Rad8 22. bxc4 Qc5 23. Qe3 Qxe3 24. Rxe3 Ne6 25. Bb3 bxc4 26. Bxc4 a5 27. Ra1 Nc7
28. Rxa5 g6 29. Re7 Nxd5 30. Rxd5 Rxd5 31. Bxd5 1-0

[Event "AUTO-INT-3656"]
[Site "http://www.queenalice.com/game.php?id=1648669"]
[Date "2021.4.4"]
[Round "1"]
[White "carpielo"]
[Black "carlitomontana93270"]
[Result "0-1"]
[WhiteElo "1522"]
[BlackElo "1850"]

1. e4 c5 2. c4 e6 3. d4 cxd4 4. Qxd4 Nc6 5. Qd1 d6 6. c5 Nf6 7. cxd6 Qxd6 8.
Qxd6 Bxd6 9. Bd3 O-O 10. Bg5 Be7 11. Nf3 h6 12. Bxf6 Bxf6 13. Nc3 Ne5 14. Nxe5
Bxe5 15. O-O a6 16. Na4 b5 17. Nb6 Rb8 18. Nxc8 Rbxc8 19. a4 Bxb2 20. Ra2 Rfd8
21. Rd1 Rc3 22. Rxb2 Rcxd3 23. Rxd3 Rxd3 24. f3 bxa4 25. Ra2 a3 26. Kf2 Rb3 27.
Kg3 Kf8 28. Kf4 Ke7 29. Ke5 Rb2 0-1

[Event "AUTO-INT-3656"]
[Site "http://www.queenalice.com/game.php?id=1648670"]
[Date "2021.4.4"]
[Round "1"]
[White "carlitomontana93270"]
[Black "carpielo"]
[Result "1-0"]
[WhiteElo "1847"]
[BlackElo "1525"]

1. c4 c5 2. Nf3 d6 3. e3 e5 4. d3 h6 5. Be2 Nf6 6. O-O e4 7. dxe4 Nxe4 8. Nbd2
Bf5 9. Nxe4 Bxe4 10. b3 Bxf3 11. Bxf3 Nc6 12. Bb2 Qg5 13. Bc1 Ne5 14. Bxb7 Rb8
15. Bd5 Qg6 16. f4 Nd7 17. f5 Qf6 18. Bd2 Nb6 19. e4 Be7 20. Ba5 Nxd5 21. exd5
Qg5 22. Qe2 O-O 23. Rae1 Rbe8 24. Qd1 Qf6 25. Qd2 Qd4+ 26. Qxd4 cxd4 27. Re4 Bf6
28. Rfe1 Be5 29. Bc7 1-0

[Event "AUTO-INT-3656"]
[Site "http://www.queenalice.com/game.php?id=1648671"]
[Date "2021.4.4"]
[Round "1"]
[White "carpielo"]
[Black "caradepau"]
[Result "1-0"]
[WhiteElo "1509"]
[BlackElo "1626"]

1. e4 e5 2. Bc4 a6 3. Nf3 Nc6 4. d4 h6 5. Nxe5 Nxe5 6. dxe5 Bc5 7. Qf3 Qe7 8.
Bf4 g5 9. Be3 Bxe3 10. Qxe3 Qb4+ 11. Nc3 Qxc4 12. O-O-O b5 13. Nd5 Qxa2 14.
Nxc7+ Kd8 15. Nxa8 Qa1+ 16. Kd2 Qxb2 17. Qb6+ Ke8 18. Nc7+ Kf8 19. Qc5+ Ne7 20.
Nd5 Kg7 21. Qxe7 Qd4+ 22. Kc1 Qxe4 23. Qf6+ Kf8 24. Qe7+ Kg7 25. Nf6 Qxg2 26.
Ne8+ Kg6 27. Qf6+ Kh5 28. Rhg1 Qxh2 29. Rh1 Rxe8 30. Rxh2+ Kg4 31. Rg1# 1-0

[Event "AUTO-INT-3656"]
[Site "http://www.queenalice.com/game.php?id=1648672"]
[Date "2021.4.4"]
[Round "1"]
[White "caradepau"]
[Black "carpielo"]
[Result "1-0"]
[WhiteElo "1641"]
[BlackElo "1517"]

1. e4 e5 2. Bc4 Nf6 3. d3 Be7 4. Nf3 h6 5. O-O d5 6. exd5 Nxd5 7. Nxe5 Be6 8. a3
O-O 9. Bxd5 Qxd5 10. d4 Nc6 11. Nxc6 Qxc6 12. Nc3 Bd5 13. Nxd5 Qxd5 14. Qg4 Bg5
15. Bxg5 hxg5 16. b4 b5 17. Rfe1 g6 18. Re5 Qd7 19. Qxd7 1-0

[Event "AUTO-INT-3656"]
[Site "http://www.queenalice.com/game.php?id=1648673"]
[Date "2021.4.4"]
[Round "1"]
[White "carpielo"]
[Black "Daniel1962"]
[Result "1-0"]
[WhiteElo "1539"]
[BlackElo "1670"]

1. e4 e5 2. Bc4 Nf6 3. d3 Nc6 4. Nc3 Bb4 5. a3 Bxc3+ 6. bxc3 d5 7. exd5 Nxd5 8.
Nf3 Nxc3 9. Qd2 Na4 10. O-O Bg4 11. Nxe5 Nxe5 12. Bb5+ c6 13. Bxa4 O-O 14. h3
Be6 15. Bb2 Qd6 16. Rae1 Nd7 17. Bb3 Rae8 18. Bxe6 Rxe6 19. Rxe6 Qxe6 20. Re1
Qd5 21. c4 Qd6 22. Qg5 f6 23. Qg4 Ne5 24. Bxe5 fxe5 25. Qe4 Qc5 26. Qe3 Qxa3 27.
Qxe5 Qxd3 28. Qe6+ Rf7 29. Qc8+ Rf8 30. Re8 Qd6 31. Rxf8+ Qxf8 32. Qxb7 Qc5 33.
Qb3 a5 34. Qa4 Kf7 35. g3 g5 36. Kg2 Ke6 37. f4 gxf4 38. gxf4 Kf5 39. Qc2+ Kxf4
40. Qxh7 Qxc4 41. Qh4+ Ke5 42. Qxc4 Kd6 43. Kf3 c5 44. Ke4 a4 45. Qa6+ Kd7 46.
Kd5 1-0

[Event "AUTO-INT-3656"]
[Site "http://www.queenalice.com/game.php?id=1648674"]
[Date "2021.4.4"]
[Round "1"]
[White "Daniel1962"]
[Black "carpielo"]
[Result "0-1"]
[WhiteElo "1599"]
[BlackElo "1519"]

1. e4 e5 2. Bc4 c6 3. Qf3 Nf6 4. Qb3 d5 5. exd5 cxd5 6. Bb5+ Nc6 7. Nf3 Bd6 8.
Nc3 Be6 9. Bxc6+ bxc6 10. d4 e4 11. Ng5 h6 12. Nxe6 fxe6 13. Be3 Rb8 14. Qa4
Rxb2 15. Qxc6+ Qd7 16. Qa6 Rxc2 17. Ne2 Bb4+ 18. Kd1 Rc4 19. a3 O-O 20. axb4
Rxb4 21. Nf4 Ng4 22. Nxe6 Nxf2+ 23. Bxf2 Rxf2 24. Nc5 Qg4+ 25. Kc1 Qf4+ 26. Kd1
Qd2# 0-1

[Event "AUTO-INT-3660"]
[Site "http://www.queenalice.com/game.php?id=1649835"]
[Date "2021.4.16"]
[Round "1"]
[White "krystian"]
[Black "carpielo"]
[Result "1-0"]
[WhiteElo "1374"]
[BlackElo "1525"]

1. e4 e5 2. Bc4 Nf6 3. Nf3 Bd6 4. Nc3 O-O 5. d4 exd4 6. Nxd4 Bb4 7. Bg5 d6 8.
O-O h6 9. Bh4 Qd7 10. Bxf6 gxf6 11. Nf5 Bxc3 12. bxc3 b5 13. Qg4+ 1-0

[Event "AUTO-INT-3660"]
[Site "http://www.queenalice.com/game.php?id=1649836"]
[Date "2021.4.16"]
[Round "1"]
[White "carpielo"]
[Black "krystian"]
[Result "0-1"]
[WhiteElo "1494"]
[BlackElo "1348"]

1. e4 e5 2. Bc4 Nc6 3. Qf3 Nf6 4. Ne2 d6 5. O-O a6 6. c3 Bg4 7. Qe3 Be7 8. h3
Bh5 9. Ng3 Bg6 10. d4 h5 11. Bd5 Nxd5 12. exd5 Na5 13. b3 Qd7 14. dxe5 dxe5 15.
Qxe5 O-O 16. Na3 Rfe8 17. Nxh5 f6 18. Qe6+ Qxe6 19. dxe6 Bxh5 20. b4 Nc6 21. Bf4
Bd6 22. Bxd6 cxd6 23. Rfe1 Ne5 24. f4 Nd3 25. Re3 Nxf4 26. Rae1 Nd5 27. Rd3 Nf4
28. Rxd6 Rad8 29. Rxd8 Rxd8 30. Nc4 Rc8 31. Nd6 Nd3 32. Re3 Rxc3 0-1

[Event "AUTO-INT-3660"]
[Site "http://www.queenalice.com/game.php?id=1649847"]
[Date "2021.4.16"]
[Round "1"]
[White "Ruusgugg"]
[Black "carpielo"]
[Result "0-1"]
[WhiteElo "1350"]
[BlackElo "1499"]

1. f4 d5 2. d4 e6 3. e3 Nf6 4. g4 Bd6 5. f5 exf5 6. g5 Ne4 7. Nf3 c5 8. dxc5
Bxc5 9. Ne5 Qxg5 10. Bb5+ Nc6 11. Nxc6 Qh4+ 12. Ke2 O-O 13. Qxd5 Qf2+ 14. Kd3
Re8 15. Qxc5 Nxc5+ 16. Kd4 Qxc2 0-1

[Event "AUTO-INT-3660"]
[Site "http://www.queenalice.com/game.php?id=1649848"]
[Date "2021.4.16"]
[Round "1"]
[White "carpielo"]
[Black "Ruusgugg"]
[Result "0-1"]
[WhiteElo "1560"]
[BlackElo "1370"]

1. e4 a6 2. d4 h5 3. e5 f5 4. exf6 gxf6 5. Bc4 e6 6. Nf3 d5 7. Bb3 f5 8. O-O h4
9. Bg5 Nf6 10. Bxf6 Qxf6 11. c3 Rg8 12. h3 f4 13. Ne5 Qg5 14. Ng4 c5 15. f3 c4
16. Bc2 Nc6 17. b4 a5 18. bxa5 Nxa5 19. Ba4+ Nc6 20. Re1 Rg6 21. Bxc6+ bxc6 22.
Re5 Qe7 23. Rh5 Rg5 24. Rxg5 Qxg5 25. Ne5 c5 26. a4 Ra7 27. Nc6 Rg7 28. a5 Qxg2#
0-1

[Event "AUTO-INT-3660"]
[Site "http://www.queenalice.com/game.php?id=1649853"]
[Date "2021.4.16"]
[Round "1"]
[White "lelugri"]
[Black "carpielo"]
[Result "1-0"]
[WhiteElo "1695"]
[BlackElo "1549"]

1. f4 d5 2. e3 Nf6 3. Nf3 e6 4. Be2 c5 5. O-O c4 6. b3 cxb3 7. axb3 Bd6 8. Ba3
Bxa3 9. Nxa3 O-O 10. c4 Nc6 11. Ne5 Nxe5 12. fxe5 Ne4 13. Bf3 b6 14. Bxe4 dxe4
15. Nb5 a5 16. Nd6 f6 17. exf6 Qxd6 18. fxg7 Kxg7 19. Qg4+ Kh8 20. Rxf8+ Qxf8
21. Qxe4 Bd7 22. b4 Qf5 23. Qd4+ e5 24. Qxb6 e4 25. Qd4+ Kg8 26. Rxa5 Rxa5 27.
bxa5 Ba4 28. Qd5+ Qxd5 29. cxd5 Bb5 30. Kf2 Kf7 31. Kg3 Bd3 32. Kf4 Kf6 33. h4
h5 34. g4 hxg4 35. Kxg4 1-0

[Event "AUTO-INT-3660"]
[Site "http://www.queenalice.com/game.php?id=1649854"]
[Date "2021.4.16"]
[Round "1"]
[White "carpielo"]
[Black "lelugri"]
[Result "0-1"]
[WhiteElo "1515"]
[BlackElo "1728"]

1. e4 c5 2. c4 Nc6 3. Bd3 Nd4 4. Nf3 d6 5. Nxd4 cxd4 6. O-O e5 7. Bc2 Nf6 8. Na3
Be7 9. d3 O-O 10. b4 Bd7 11. b5 a6 12. bxa6 bxa6 13. Ba4 Bxa4 14. Qxa4 Qd7 15.
Qxd7 Nxd7 16. Bd2 d5 17. Nc2 Nc5 18. Bb4 Rfe8 19. Bxc5 Bxc5 20. cxd5 g6 21. g3
Rad8 22. Rab1 Rb8 23. a4 Rb6 24. a5 Rxb1 25. Rxb1 Rd8 26. f4 f6 27. Rb3 exf4 28.
gxf4 f5 29. Kg2 Kg7 30. Kg3 fxe4 31. dxe4 Kf6 32. Nb4 Rb8 33. e5+ Kf5 34. d6 Ke6
35. Kf3 Rxb4 36. Rd3 Ra4 37. Ke4 Bxd6 38. h4 Bc5 39. h5 gxh5 40. f5+ Ke7 41. Kd5
Ba7 42. f6+ Kf7 43. Kd6 Rxa5 44. e6+ Kxf6 0-1

[Event "AUTO-INT-3574"]
[Site "http://www.queenalice.com/game.php?id=1650341"]
[Date "2021.4.21"]
[Round "2"]
[White "Lucasbarbaruiva"]
[Black "carpielo"]
[Result "1-0"]
[WhiteElo "1667"]
[BlackElo "1525"]

1. d4 d5 2. e3 e6 3. g3 Nf6 4. Bg2 Bd6 5. Ne2 O-O 6. O-O e5 7. dxe5 Bxe5 8. Nd2
c6 9. c3 Na6 10. a3 Nc5 11. Nb3 Bg4 12. Nbd4 Bxd4 13. cxd4 Nce4 14. f3 Bxf3 15.
Bxf3 Ng5 16. b4 Nxf3+ 17. Rxf3 Ne4 18. a4 h5 19. Nf4 Qg5 20. Nh3 Qg4 21. Kg2 h4
22. Bb2 Ng5 23. Nxg5 Qxg5 24. Bc1 Qg4 25. Ba3 h3+ 26. Kg1 1-0

[Event "AUTO-INT-3574"]
[Site "http://www.queenalice.com/game.php?id=1650342"]
[Date "2021.4.21"]
[Round "2"]
[White "carpielo"]
[Black "Lucasbarbaruiva"]
[Result "0-1"]
[WhiteElo "1536"]
[BlackElo "1656"]

1. e4 e5 2. Bc4 d6 3. Qf3 Qf6 4. Qxf6 Nxf6 5. d3 Be7 6. Nf3 O-O 7. O-O a6 8. b4
c6 9. Nc3 b5 10. Bb3 Bb7 11. Bg5 Nbd7 12. d4 h6 13. Bxf6 Bxf6 14. Rad1 exd4 15.
Nxd4 Bxd4 16. Rxd4 d5 17. exd5 cxd5 18. Nxd5 Bxd5 19. Rxd5 Nf6 20. Rc5 Ne4 21.
Re5 Nd2 22. Rd1 Nxb3 23. axb3 f6 24. Re7 Rf7 25. Rxf7 Kxf7 0-1

[Event "AUTO-INT-3574"]
[Site "http://www.queenalice.com/game.php?id=1650343"]
[Date "2021.4.21"]
[Round "2"]
[White "Alex_ac"]
[Black "carpielo"]
[Result "1-0"]
[WhiteElo "1945"]
[BlackElo "1496"]

1. d4 d5 2. e3 e6 3. a3 c5 4. c4 cxd4 5. exd4 dxc4 6. Bxc4 Nc6 7. Nf3 Nf6 8. O-O
Bd6 9. h3 O-O 10. Nc3 Nxd4 11. Nxd4 e5 12. Ndb5 1-0

[Event "AUTO-INT-3574"]
[Site "http://www.queenalice.com/game.php?id=1650344"]
[Date "2021.4.21"]
[Round "2"]
[White "carpielo"]
[Black "Alex_ac"]
[Result "0-1"]
[WhiteElo "1498"]
[BlackElo "1943"]

1. e4 e6 2. e5 d6 3. Nf3 a6 4. d4 h6 5. c4 Nc6 6. exd6 Bxd6 7. d5 Ne5 8. Bf4
Nxf3+ 9. Qxf3 Nf6 10. Bd3 e5 11. Be3 Bg4 0-1